00822nam a2200253Ia 4500003000400000005001700004008004100021020001800062040000700080041001200087082002100099100003400120245004900154250000600203260004200209300003000251365001300281650001900294650002200313906005400335942001200389999001900401952014800420OSt20250705160834.0210423s2012 xx 000 0 und d a9780198070870 cAL aEnglish a070.10175 bTHAM aParanjoy Guha Thakurta992146 aMedia ethics: truth fairness and objectivity a2 aOxfordbOxford University Pressc2012 axxi,542p.bPBc24x15.5cm. b425cINR aGeneral992147 aMass Media992148 aethics: ; fairness ; Media ; objectivity. ; truth 2ddccBK c160942d160942 00102ddc40708MAJMCaSACPGbSACPGd2012-12-22eJupiterg425.00l1o070.10175 THAMpPG007421r2022-08-24 00:00:00s2021-12-13w2021-04-26yBK